Модернизация библиотечного дела: Манифест: пер. с англ.; Как привлечь внебюджетные средства, стать фандрайзером

Bibliografiske detaljer
Hovedforfatter: Бакленд М. Майкл
Sprog:russisk
Udgivet: Москва, ОГИ, 2001
Copublished:В. Стил, С. Д. Элдер. Как привлечь внебюджетные средства, стать фандрайзером
Fag:
Format: MixedMaterials Bog
KOHA link:https://koha.lib.tpu.ru/cgi-bin/koha/opac-detail.pl?biblionumber=29998

MARC

LEADER 00000nam0a2200000 4500
001 29998
005 20231030203723.0
010 |a 5942820015 
035 |a (RuTPU)RU\TPU\book\30265 
035 |a BOOK00000019 
090 |a 29998 
100 |a 20011209d2001 k y0rusy50 ca 
101 1 |a rus  |c eng 
102 |a RU 
105 |a y z 001zy 
200 1 |a Модернизация библиотечного дела  |e Манифест: пер. с англ.  |f М. Бакленд 
210 |a Москва  |c ОГИ  |d 2001 
215 |a 272 с. 
320 |a Библиогр.: с. 267-268. 
423 |t Как привлечь внебюджетные средства, стать фандрайзером  |o Принципы и практика развития библиотеки  |f В. Стил, С. Д. Элдер  |a Стил, Виктория 
610 1 |a библиотеки 
610 1 |a библиотечное дело 
610 1 |a модернизация 
610 1 |a зарубежные страны 
610 1 |a автоматизация 
610 1 |a электронные библиотеки 
610 1 |a фонды 
610 1 |a обслуживание 
610 1 |a читатели 
686 |a Ч734(4/8)  |v LBC/SL-A  |2 rubbk 
700 1 |a Бакленд  |b М.  |g Майкл 
801 0 |a RU  |b 63413507  |c 20011209  |g PSBO 
801 2 |a RU  |b 63413507  |c 20220714  |g PSBO 
942 |c BK